[Event "Platense-ch"]
[Site "La Plata"]
[Date "2018.01.07"]
[Round "4"]
[White "Coronel, Nestor"]
[Black "Loayza Campos, Ivan Alejandro"]
[Result "1-0"]
[WhiteElo "1635"]
[BlackElo "1259"]
[PlyCount "31"]
[EventDate "2018.01.03"]
[EventType "swiss"]
[EventRounds "9"]
[EventCountry "ARG"]
[SourceTitle "EXT 2019"]
[Source "ChessBase"]
[SourceDate "2018.10.10"]
[SourceVersion "1"]
[SourceVersionDate "2018.10.10"]
[SourceQuality "1"]

1. e4 e5 2. Nf3 Nc6 3. Bb5 Nf6 4. d4 a6 5. Ba4 exd4 6. e5 Qe7 7. 0-0 Nd5 8. Bb3 Nb6 9. Bg5 Qc5 10. Nbd2 Be7 11. Ne4 Qb4 12. a3 Qb5 13. a4 Qa5 14. Nxd4 Nxd4 15. Qxd4 Bc5 16. Qxc5 1-0